00651nam a2200145 a 450000500170000000800410001704000250005804100080008310000300009124503050012126000250042630000100045165000270046165000170048820150113141937.0150113b xxu||||| |||| 00| 0 spa d aCO-BoIAVHcCO-BoIAVH aspa aSastre Corredor, Carolina aConstrucción e instalación proyectos demostrativos para los estanques piscícolas seleccionados en el marco del acuerdo 07-043 suscrito con U.S. Fish and Wildlife Service, para la prevención de ataques de águilas pescadoras, así como, apoyar las actividades de divulgaciónbinforme final aBogotábIAVHc2009 a34 p. aEstanques piscícolas aProtección